Vista normal Vista MARC

Entrada Materia (personas)

Número de registros utilizados en: 1

001 - CONTROL NUMBER

  • control field: 181571

003 - CONTROL NUMBER IDENTIFIER

  • control field: Co-BoUCM

005 - DATE AND TIME OF LATEST TRANSACTION

  • control field: 20240625150602.0

008 - FIXED-LENGTH DATA ELEMENTS

  • fixed length control field: 240625|| aca||aabn | a|a d

040 ## - CATALOGING SOURCE

  • Original cataloging agency: Co-BoUCM
  • Transcribing agency: Co-BoUCM

100 ## - HEADING--PERSONAL NAME

  • Personal name: Landaeta, Leopoldo

670 ## - SOURCE DATA FOUND

  • Source citation: Work cat.: (Co-BoUCM): Haring, C. H.‏ ‎ 1885-1960‏ (Clarence Henry) 181570, El comercio y la navegación entre España y las Indias en época de los Habsburgos., 1939